000 00481nam a2200169 i 4500
001 135614
003 ES-MaACL
005 20250323063042.0
007 t|
008 070720s1963 sp ||||1| spa d
100 1 _aTorrente Ballester, Gonzalo,
_d1910-1999
_9110850
245 1 0 _aDon Juan /
_cGonzalo Torrente Ballester.
260 _aBarcelona :
_bDestino,
_c[1963]
300 _a357 p. :
_b18 cm.
852 _aES-MaACL
_jC-23523
_bR.52162
999 _c135614
_d135614